000
00270nam a22001097a 4500
008
170124b xxu||||| |||| 00| 0 eng d
020
_a
9781599405629
041
_a
eng
080
_a
618.2
245
_a
STANDARDS FOR AMBULATORY CARE
_c
THE JOINT COMMISSION
942
_2
udc
_c
BK
999
_c
3429
_d
3429